Statistics for Adjacent Capital Pair Superlatives

Click here to take the quiz!

General Stats

  • This quiz has been taken 2,215 times
    (467 since last reset)
  • The average score is 17 of 32

Answer Stats

Hint Answer % Correct
Highest Total Population
(Urban Area)*
Beijing
90%
Greatest Population Difference
(City Proper)^
Beijing
90%
2nd FarthestMoscow
88%
Farthest ApartParis
83%
Closest TogetherRome
83%
Greatest Temperature DifferenceParis
83%
Biggest difference in GDPParis
83%
Closest TogetherVatican City
82%
Farthest ApartBrasilia
80%
2nd FarthestPyongyang
74%
Highest Total Population*Delhi
71%
Greatest Elevation DifferenceBuenos Aires
65%
2nd ClosestKinshasa
64%
Greatest Elevation DifferenceLa Paz
63%
2nd ClosestBrazzaville
60%
Greatest Population Difference
(Urban Area)*
Jakarta
56%
Most International Tourists#Bangkok
47%
Greatest Temperature DifferenceParamaribo
47%
Greatest Population Difference
(City Proper)^
Thimphu
44%
Lowest Total Population
(Urban Area)*
Bern
41%
Biggest difference in GDPAndorra la Vella
40%
Most International Tourists#Kuala Lumpur
40%
Greatest Population Difference
(Urban Area)*
Dili
38%
Closest to the EquatorNairobi
37%
Lowest Total Population*Vaduz
33%
Most Homicides (Total)Guatemala City
33%
Most Homicides (Total)San Salvador
33%
Closest to the EquatorKampala
30%
2nd Greatest Temp DiffAddis Ababa
22%
2nd Greatest Temp DiffKhartoum
21%
Biggest Difference in RainfallDakar
8%
Biggest Difference in RainfallConakry
4%

Score Distribution

Percentile by Number Answered

Percent of People with Each Score

Your Score History

You have not taken this quiz since the last reset